Olympische Zomerspelen 2024 - Top 20 landen - Statistieken

Algemene statistieken
  • Deze quiz is 45 keer genomen
  • De gemiddelde score is 12 van 20
Antwoordstatistieken
goud medailles begint met land % Correct
40 126 V Verenigde Staten
95%
40 91 C China
92%
16 64 F Frankrijk
92%
15 34 N Nederland
92%
20 45 J Japan
90%
12 33 D Duitsland
79%
18 53 A Australië
77%
9 27 C Canada
64%
13 32 Z Zuid-Korea
64%
12 40 I Italië
59%
6 19 H Hongarije
54%
5 18 S Spanje
49%
4 11 Z Zweden
49%
3 20 B Brazilië
44%
10 20 N Nieuw-Zeeland
44%
4 8 N Noorwegen
41%
14 65 G Groot-Brittannië
36%
4 7 I Ierland
31%
4 11 K Kenia
31%
8 13 O Oezbekistan
21%
Geen overeenkomende quizzen gevonden
Scoreverdeling
Procent van Mensen met Elke Score
Percentiel versus Aantal Correcte Antwoorden
Uw Scoregeschiedenis
U heeft deze quiz nog niet genomen